000 00727aam a2200277 i 4500
001 768714001
003 CO-MdFUSB
005 20251021153136.0
007 ta
008 251021t19812000ck |||| |||| 00| 0 spa d
040 _cCO-MdFUSB
041 0 _aspa
082 0 4 _223
_a252
_bI116c
100 1 _aIafrancesco Villegas, Gino
_eautor
245 1 0 _aColetánea I
_b/ Gino Iafrancesco V.
264 0 _b[Editorial no identificada],
_aColombia :
_c[1981]
300 _a60 páginas
336 _atexto
_btxt
_2rdacontent
337 _2rdamedia
_asin mediación
_bn
338 _2rdacarrier
_avolumen
_bnc
563 _aPasta dura
650 7 _aSermones
_9283
942 _cBK
945 _aJTF-925
999 _c36460
_d36460